المجلة المصرية للدراسات التجارية /

مجلة البحوث التجارية هي مجلة علمة متخصصة تعني بنشر الأبحاث النظرية والدراسات التطبيقية ذات المدلول العلمي والمستوى الأكاديمي الراقي في علوم المحاسبة وإدارة الأعمال والإحصاء والتأمين....

Cur síos iomlán

Sábháilte in:
Sonraí bibleagrafaíochta
Údar corparáideach: جامعة المنصورة. كلية التجارة
Formáid: Sraithuimhir
Teanga:Araibis
Foilsithe / Cruthaithe: المنصورة : جامعة المنصورة، كلية التجارة
Ábhair:
Clibeanna: Cuir clib leis
Níl clibeanna ann, Bí ar an gcéad duine le clib a chur leis an taifead seo!

MARC

LEADER 00000nas a22000007a 4500
003 INP
005 20181125135454.0
008 180213u20uuuuuuua fr| | |||f00| f1ara d
952 |0 0  |1 0  |4 0  |7 0  |8 jour_AR  |9 16358  |a INP  |b INP  |c JOUR  |d 2018-09-19  |h Vol. 26, No. 1, 2002  |l 0  |p 015167  |r 2022-03-28 00:00:00  |w 2018-09-19  |y JOR 
952 |0 0  |1 0  |4 0  |7 0  |8 jour_AR  |9 16359  |a INP  |b INP  |c JOUR  |d 2018-09-19  |h Vol. 26, No. 2, 2002  |l 0  |p 015448  |r 2022-03-28 00:00:00  |w 2018-09-19  |y JOR 
999 |c 14304.  |d 14304 
040 |a EG-INP  |b ara  |c EG-INP 
043 |a f-ua--- 
082 0 4 |a 330.962  |2 21 
245 0 0 |a المجلة المصرية للدراسات التجارية /   |c تصدر عن كلية التجارة، جامعة المنصورة. 
260 |a المنصورة :  |b جامعة المنصورة، كلية التجارة 
300 |a مج. :  |b إيض. ؛  |c 25 سم. 
504 |a يشتمل على إرجاعات ببليوجرافية. 
520 |a مجلة البحوث التجارية هي مجلة علمة متخصصة تعني بنشر الأبحاث النظرية والدراسات التطبيقية ذات المدلول العلمي والمستوى الأكاديمي الراقي في علوم المحاسبة وإدارة الأعمال والإحصاء والتأمين. 
650 7 |a التجارة  |v دوريات  |z مصر  |2 qrmak 
650 7 |a الاقتصاد  |v دوريات  |z مصر  |2 qrmak 
651 7 |a مصر  |x أحوال اقتصادية  |2 qrmak 
710 2 |a جامعة المنصورة. كلية التجارة 
901 |a EGPV4 
903 |a original 
942 |2 ddc  |c JOR  |s 1